[Event "Augustow op"]
[Site "Augustow"]
[Date "2007.08.29"]
[Round "8.6"]
[White "Bartoszewicz, Marcin"]
[Black "Daciuk, Slawomir"]
[Result "1-0"]
[WhiteElo "1992"]
[BlackElo "2043"]
[PlyCount "77"]
[EventDate "2007.08.24"]
[EventType "swiss"]
[EventRounds "9"]
[EventCountry "POL"]
[SourceTitle "EXT 2023"]
[Source "ChessBase"]
[SourceDate "2022.10.05"]
[SourceVersion "1"]
[SourceVersionDate "2022.10.05"]
[SourceQuality "1"]

1. e4 c5 2. Nf3 Nc6 3. d4 cxd4 4. Nxd4 Nf6 5. Nc3 d6 6. Bc4 Qb6 7. Ndb5 a6 8. Be3 Qa5 9. Nd4 e6 10. 0-0 Be7 11. Bb3 0-0 12. f4 Bd7 13. Qf3 Nxd4 14. Bxd4 Bc6 15. Qg3 Qh5 16. Rae1 b5 17. e5 dxe5 18. Rxe5 Qg4 19. Qf2 Nd7 20. Re3 Bh4 21. g3 Be7 22. Rfe1 e5 23. Nd5 Bd6 24. h3 Qxh3 25. fxe5 Nxe5 26. Bxe5 Bc5 27. Bd4 Bxd4 28. Ne7+ Kh8 29. Nxc6 Bxe3 30. Rxe3 f6 31. Nd4 Rad8 32. c3 Rfe8 33. Ne6 Rc8 34. Qd2 Qg4 35. Qd7 h5 36. Bd1 Qg6 37. Bxh5 Qh6 38. Re2 Rcd8 39. Nxd8 1-0

[Event "Augustow op"]
[Site "Augustow"]
[Date "2007.08.26"]
[Round "5.5"]
[White "Daciuk, Slawomir"]
[Black "Joachimiak, Roman"]
[Result "1-0"]
[WhiteElo "2043"]
[BlackElo "2100"]
[PlyCount "141"]
[EventDate "2007.08.24"]
[EventType "swiss"]
[EventRounds "9"]
[EventCountry "POL"]
[SourceTitle "EXT 2023"]
[Source "ChessBase"]
[SourceDate "2022.10.05"]
[SourceVersion "1"]
[SourceVersionDate "2022.10.05"]
[SourceQuality "1"]

1. c4 Nf6 2. Nc3 g6 3. Nf3 Bg7 4. g3 0-0 5. Bg2 c6 6. 0-0 d5 7. cxd5 Nxd5 8. d4 Nxc3 9. bxc3 Bf5 10. Qb3 Qb6 11. Ba3 Bf6 12. Nd2 Be6 13. Qa4 Qc7 14. Ne4 Bg7 15. Nc5 Bc8 16. e4 b6 17. Nd3 Re8 18. e5 Bb7 19. Rfe1 Na6 20. Rad1 Rac8 21. Nf4 Nb8 22. e6 f6 23. c4 Na6 24. d5 cxd5 25. Nxd5 Bxd5 26. cxd5 Nc5 27. Qb5 f5 28. Bc1 Nb7 29. Bf4 Nd6 30. Qa4 a5 31. Rc1 Qb8 32. Qd7 Bc3 33. Re2 Bb4 34. Rxc8 Qxc8 35. Bf1 Ne4 36. Rc2 Bc5 37. Ba6 Qxd7 38. exd7 Rd8 39. Bb5 Nf6 40. Bc7 Rxd7 41. Bxd7 Nxd7 42. Kg2 Kf7 43. Rb2 Bb4 44. f4 Bc3 45. Rc2 Bd4 46. Rc6 a4 47. Rc4 Bc5 48. Rxa4 Nf6 49. Be5 Nxd5 50. Ra8 Ne3+ 51. Kf3 Ng4 52. h3 Nxe5+ 53. fxe5 Bd4 54. Rh8 h5 55. Rh7+ Ke6 56. Rg7 Bxe5 57. Rxg6+ Bf6 58. Rh6 h4 59. gxh4 Kf7 60. h5 b5 61. Kf4 e6 62. Rh7+ Kg8 63. Rb7 Bd4 64. Rxb5 Kh7 65. Rb4 Bc5 66. Rc4 Bd6+ 67. Kf3 e5 68. Rc6 e4+ 69. Ke3 Ba3 70. Kf4 e3 71. Kxe3 1-0

[Event "Augustow op"]
[Site "Augustow"]
[Date "2007.08.25"]
[Round "3.5"]
[White "Daciuk, Slawomir"]
[Black "Grabowski, Adam"]
[Result "1-0"]
[WhiteElo "2043"]
[BlackElo "1748"]
[PlyCount "45"]
[EventDate "2007.08.24"]
[EventType "swiss"]
[EventRounds "9"]
[EventCountry "POL"]
[SourceTitle "EXT 2023"]
[Source "ChessBase"]
[SourceDate "2022.10.05"]
[SourceVersion "1"]
[SourceVersionDate "2022.10.05"]
[SourceQuality "1"]

1. c4 e5 2. Nc3 Nc6 3. Nf3 Nf6 4. g3 d6 5. Bg2 Bg4 6. 0-0 Be7 7. d3 Qd7 8. Bg5 Bh3 9. Bxf6 Bxf6 10. Nd5 Be7 11. Bxh3 Qxh3 12. Nxc7+ Kd7 13. Nxa8 h5 14. Kh1 h4 15. g4 Qxg4 16. Rg1 Qf4 17. Rxg7 Nd4 18. Nxd4 exd4 19. Qa4+ Ke6 20. Nc7+ Kf5 21. Rxf7+ Bf6 22. Rxf6+ Kxf6 23. Nd5+ 1-0

[Event "Bialystok Podlaski Region-chA"]
[Site "Bialystok"]
[Date "2007.06.24"]
[Round "2.4"]
[White "Bobras, Jan"]
[Black "Daciuk, Slawomir"]
[Result "1-0"]
[WhiteElo "1886"]
[BlackElo "2043"]
[PlyCount "86"]
[EventDate "2007.06.23"]
[EventType "swiss"]
[EventRounds "9"]
[EventCountry "POL"]
[SourceTitle "EXT 2023"]
[Source "ChessBase"]
[SourceDate "2022.10.05"]
[SourceVersion "1"]
[SourceVersionDate "2022.10.05"]
[SourceQuality "1"]

1. e4 c5 2. Nf3 Nc6 3. d4 cxd4 4. Nxd4 Nf6 5. Nxc6 bxc6 6. Nc3 e5 7. g3 Bb4 8. Bd3 d5 9. exd5 cxd5 10. Bb5+ Bd7 11. Bxd7+ Qxd7 12. Bd2 0-0 13. a3 Bc5 14. h3 d4 15. Na2 Qb7 16. 0-0 Qxb2 17. Nb4 e4 18. Ra2 Qxa2 19. Nxa2 a5 20. Bg5 Nd5 21. Qg4 f5 22. Qd1 h6 23. Bc1 Rfd8 24. Qe2 Rac8 25. Qh5 Ne7 26. Qe2 Bb6 27. Rd1 Rd6 28. Bb2 Ng6 29. h4 Ne5 30. Qb5 Nf3+ 31. Kg2 Rc5 32. Qe2 Rdc6 33. Rc1 Rxc2 34. Qb5 Rxc1 35. Nxc1 Rg6 36. h5 Rd6 37. Ne2 d3 38. Qe8+ Kh7 39. Qf7 Nd4 40. Nxd4 Bxd4 41. Bxd4 Rxd4 42. Qxf5+ Kh8 43. Qc5 Rd8 1-0

[Event "Bialystok Podlaski Region-chA"]
[Site "Bialystok"]
[Date "2007.06.23"]
[Round "1.5"]
[White "Daciuk, Slawomir"]
[Black "Dudel, Michal"]
[Result "1/2-1/2"]
[WhiteElo "2043"]
[BlackElo "1851"]
[PlyCount "105"]
[EventDate "2007.06.23"]
[EventType "swiss"]
[EventRounds "9"]
[EventCountry "POL"]
[SourceTitle "EXT 2023"]
[Source "ChessBase"]
[SourceDate "2022.10.05"]
[SourceVersion "1"]
[SourceVersionDate "2022.10.05"]
[SourceQuality "1"]

1. c4 e5 2. Nc3 Nf6 3. Nf3 Nc6 4. g3 Bc5 5. Bg2 d6 6. 0-0 Be6 7. d3 h6 8. a3 Qd7 9. b4 Bb6 10. Na4 a6 11. Nxb6 cxb6 12. Bb2 Bh3 13. d4 Bxg2 14. Kxg2 e4 15. Nd2 d5 16. Qb3 Rd8 17. cxd5 Qxd5 18. Qxd5 Rxd5 19. Nc4 Nd7 20. f3 exf3+ 21. Rxf3 0-0 22. e4 Rg5 23. Raf1 Rg6 24. d5 Ne7 25. Ne3 Rg5 26. h4 Rh5 27. g4 Rxh4 28. Kg3 g5 29. d6 Ng6 30. Nf5 Nge5 31. Nxh4 gxh4+ 32. Kf4 Nxf3 33. Rxf3 f6 34. Rh3 Kf7 35. Rxh4 Kg6 36. Rh3 Rc8 37. Rd3 Rc2 38. Bd4 Rc1 39. Rc3 Rxc3 40. Bxc3 Nf8 41. e5 fxe5+ 42. Kxe5 Kf7 43. Bd2 Kg6 44. Kd5 h5 45. gxh5+ Kxh5 46. a4 Kg6 47. Be3 b5 48. axb5 axb5 49. Bd4 Kf7 50. Kc5 Nd7+ 51. Kxb5 Ke6 52. Bc5 Kd5 53. Ka4 1/2-1/2

[Event "POL-chT9 B2 corr"]
[Site "Poland"]
[Date "1992.??.??"]
[Round "?"]
[White "Kleszarski, Tadeusz"]
[Black "Daciuk, Slawomir"]
[Result "0-1"]
[WhiteElo "2000"]
[BlackElo "2000"]
[PlyCount "50"]
[EventDate "1992.??.??"]
[EventType "tourn (corr)"]
[EventRounds "10"]
[EventCountry "POL"]
[SourceTitle "Corr 2000"]
[Source "ChessBase"]
[SourceDate "2000.04.19"]
[SourceVersion "1"]
[SourceVersionDate "2000.04.19"]
[SourceQuality "1"]

1. d4 Nf6 2. c4 c5 3. d5 e6 4. Nc3 exd5 5. cxd5 d6 6. Nf3 g6 7. Nd2 Bg7 8. Nc4 0-0 9. Bf4 Na6 10. Nxd6 Nh5 11. Qd2 Nb4 12. Nxc8 Nxf4 13. a3 Nbxd5 14. Nxd5 Nxd5 15. Qxd5 Bxb2 16. e3 Bxa1 17. Nd6 Qa5+ 18. Ke2 Rad8 19. Kf3 Qb6 20. Qa2 Qxd6 21. Qxa1 Qd1+ 22. Be2 Qxa1 23. Rxa1 Rd2 24. a4 Rc8 25. Rc1 Rc6 0-1